[Event "April 9 Late 2024"]
[Site "Chess.com"]
[Date "2024.04.09"]
[Round "4"]
[White "Sena, Juan"]
[Black "Hubbard, Andrew"]
[Result "0-1"]
[Board "146"]
[WhiteFideId "6400272"]
[BlackFideId "2031787"]
[BlackTitle "FM"]
[WhiteElo "2187"]
[BlackElo "2431"]
[WhiteTeam "DOM"]
[BlackTeam "USA"]
[WhiteClock "0:00:13"]
[BlackClock "0:00:48"]
[Variant "Standard"]

1. e4 {[%clk 0:03:00]}  e6 {[%clk 0:02:59]} 2. d4 {[%clk 0:03:00]}  d5 {[%clk 0:03:00]} 3. Nd2 {[%clk 0:03:00]}  c5 {[%clk 0:03:00]} 4. exd5 {[%clk 0:02:58]}  Qxd5 {[%clk 0:03:01]} 5. Ngf3 {[%clk 0:02:56]}  cxd4 {[%clk 0:03:01]} 6. Bc4 {[%clk 0:02:56]}  Qd6 {[%clk 0:03:01]} 7. O-O {[%clk 0:02:55]}  Nf6 {[%clk 0:03:02]} 8. Nb3 {[%clk 0:02:54]}  Nc6 {[%clk 0:03:02]} 9. Nbxd4 {[%clk 0:02:53]}  Nxd4 {[%clk 0:03:03]} 10. Qxd4 {[%clk 0:02:52]}  Qxd4 {[%clk 0:03:02]} 11. Nxd4 {[%clk 0:02:52]}  a6 {[%clk 0:03:03]} 12. Be2 {[%clk 0:02:51]}  Bc5 {[%clk 0:03:01]} 13. Nb3 {[%clk 0:02:49]}  Bd6 {[%clk 0:03:01]} 14. Bf3 {[%clk 0:02:47]}  Ke7 {[%clk 0:02:59]} 15. c4 {[%clk 0:02:46]}  Nd7 {[%clk 0:02:55]} 16. Be3 {[%clk 0:02:44]}  Ne5 {[%clk 0:02:43]} 17. Be2 {[%clk 0:02:38]}  Bd7 {[%clk 0:02:42]} 18. Rfd1 {[%clk 0:02:23]}  Rhd8 {[%clk 0:02:39]} 19. Bb6 {[%clk 0:02:19]}  Rdc8 {[%clk 0:02:29]} 20. c5 {[%clk 0:02:17]}  Bb8 {[%clk 0:02:27]} 21. f4 {[%clk 0:02:14]}  Ng6 {[%clk 0:02:20]} 22. g3 {[%clk 0:02:07]}  Bc6 {[%clk 0:02:19]} 23. Nd4 {[%clk 0:01:57]}  Be4 {[%clk 0:02:15]} 24. Re1 {[%clk 0:01:53]}  f5 {[%clk 0:02:00]} 25. Bc4 {[%clk 0:01:42]}  e5 {[%clk 0:01:55]} 26. Be6 {[%clk 0:01:24]}  Rf8 {[%clk 0:01:42]} 27. fxe5 {[%clk 0:01:07]}  Bxe5 {[%clk 0:01:43]} 28. Rad1 {[%clk 0:01:00]}  Bxd4+ {[%clk 0:01:41]} 29. Rxd4 {[%clk 0:00:57]}  Kxe6 {[%clk 0:01:41]} 30. g4 {[%clk 0:00:53]}  Ke5 {[%clk 0:01:18]} 31. c6 {[%clk 0:00:48]}  Nf4 {[%clk 0:01:05]} 32. gxf5 {[%clk 0:00:45]}  Nh3+ {[%clk 0:01:04]} 33. Kf1 {[%clk 0:00:43]}  Rxf5+ {[%clk 0:01:02]} 34. Ke2 {[%clk 0:00:42]}  Bxc6 {[%clk 0:00:54]} 35. Kd2+ {[%clk 0:00:41]}  Kf6 {[%clk 0:00:52]} 36. Rd6+ {[%clk 0:00:13]}  Kf7 {[%clk 0:00:48]} 0-1

[Event "April 9 Late 2024"]
[Site "Chess.com"]
[Date "2024.04.09"]
[Round "4"]
[White "Rosenberg, Evan S"]
[Black "Coe, William"]
[Result "0-1"]
[Board "147"]
[WhiteFideId "2019299"]
[BlackFideId "30913624"]
[WhiteElo "2430"]
[BlackElo "2184"]
[WhiteTeam "USA"]
[BlackTeam "USA"]
[WhiteClock "0:00:00"]
[BlackClock "0:00:29"]
[Variant "Standard"]

1. d4 {[%clk 0:03:00]}  d5 {[%clk 0:02:59]} 2. Nf3 {[%clk 0:02:59]}  e6 {[%clk 0:02:59]} 3. g3 {[%clk 0:02:57]}  Nf6 {[%clk 0:02:58]} 4. Bg2 {[%clk 0:02:57]}  Be7 {[%clk 0:02:59]} 5. O-O {[%clk 0:02:57]}  O-O {[%clk 0:02:59]} 6. c4 {[%clk 0:02:57]}  c6 {[%clk 0:02:59]} 7. Qc2 {[%clk 0:02:43]}  b6 {[%clk 0:02:59]} 8. Nbd2 {[%clk 0:02:42]}  Bb7 {[%clk 0:02:57]} 9. e4 {[%clk 0:02:42]}  dxe4 {[%clk 0:02:57]} 10. Nxe4 {[%clk 0:02:42]}  Nxe4 {[%clk 0:02:57]} 11. Qxe4 {[%clk 0:02:42]}  Nd7 {[%clk 0:02:57]} 12. Rd1 {[%clk 0:02:41]}  Nf6 {[%clk 0:02:57]} 13. Qc2 {[%clk 0:02:40]}  Qc7 {[%clk 0:02:55]} 14. Bf4 {[%clk 0:02:39]}  Bd6 {[%clk 0:02:54]} 15. Bxd6 {[%clk 0:02:39]}  Qxd6 {[%clk 0:02:54]} 16. c5 {[%clk 0:02:38]}  Qc7 {[%clk 0:02:45]} 17. Ne5 {[%clk 0:02:33]}  Nd5 {[%clk 0:02:43]} 18. Nc4 {[%clk 0:02:32]}  bxc5 {[%clk 0:02:34]} 19. dxc5 {[%clk 0:02:31]}  Ba6 {[%clk 0:02:22]} 20. Nd6 {[%clk 0:02:27]}  Rab8 {[%clk 0:02:21]} 21. a3 {[%clk 0:02:23]}  Rfd8 {[%clk 0:02:06]} 22. b4 {[%clk 0:02:22]}  Bc8 {[%clk 0:02:03]} 23. Nc4 {[%clk 0:02:09]}  Bd7 {[%clk 0:02:00]} 24. Re1 {[%clk 0:01:57]}  Be8 {[%clk 0:02:00]} 25. Rad1 {[%clk 0:01:55]}  Rd7 {[%clk 0:01:58]} 26. Be4 {[%clk 0:01:46]}  h6 {[%clk 0:01:51]} 27. f4 {[%clk 0:01:38]}  Re7 {[%clk 0:01:49]} 28. Bh7+ {[%clk 0:01:33]}  Kh8 {[%clk 0:01:45]} 29. Bd3 {[%clk 0:01:32]}  Kg8 {[%clk 0:01:44]} 30. Re5 {[%clk 0:01:28]}  Bd7 {[%clk 0:01:36]} 31. Rde1 {[%clk 0:01:25]}  Rbe8 {[%clk 0:01:29]} 32. Nd6 {[%clk 0:01:20]}  Rb8 {[%clk 0:01:28]} 33. f5 {[%clk 0:01:14]}  Nf6 {[%clk 0:01:15]} 34. fxe6 {[%clk 0:00:55]}  Bxe6 {[%clk 0:01:16]} 35. Nxf7 {[%clk 0:00:47]}  Kxf7 {[%clk 0:01:12]} 36. Bg6+ {[%clk 0:00:47]}  Kf8 {[%clk 0:01:08]} 37. Rxe6 {[%clk 0:00:48]}  Rxe6 {[%clk 0:01:03]} 38. Rxe6 {[%clk 0:00:49]}  Rd8 {[%clk 0:01:02]} 39. Qf5 {[%clk 0:00:39]}  Qd7 {[%clk 0:00:56]} 40. Kg2 {[%clk 0:00:26]}  Qd2+ {[%clk 0:00:53]} 41. Kh3 {[%clk 0:00:26]}  Qd7 {[%clk 0:00:49]} 42. g4 {[%clk 0:00:10]}  Kg8 {[%clk 0:00:45]} 43. Kh4 {[%clk 0:00:05]}  Qd4 {[%clk 0:00:36]} 44. h3 {[%clk 0:00:00]}  Qd2 {[%clk 0:00:29]} 0-1

[Event "April 9 Late 2024"]
[Site "Chess.com"]
[Date "2024.04.09"]
[Round "4"]
[White "Qian, Ashley"]
[Black "Sroczynski, Maciej"]
[Result "0-1"]
[Board "148"]
[WhiteFideId "2636280"]
[BlackFideId "1121472"]
[WhiteTitle "WCM"]
[BlackTitle "FM"]
[WhiteElo "2180"]
[BlackElo "2420"]
[WhiteTeam "CAN"]
[BlackTeam "POL"]
[WhiteClock "0:00:00"]
[BlackClock "0:01:05"]
[Variant "Standard"]

1. Nf3 {[%clk 0:03:00]}  c5 {[%clk 0:02:58]} 2. c4 {[%clk 0:03:00]}  g6 {[%clk 0:02:57]} 3. g3 {[%clk 0:02:59]}  Bg7 {[%clk 0:02:57]} 4. Bg2 {[%clk 0:02:57]}  Nc6 {[%clk 0:02:55]} 5. Nc3 {[%clk 0:02:54]}  e6 {[%clk 0:02:55]} 6. O-O {[%clk 0:02:44]}  Nge7 {[%clk 0:02:54]} 7. e3 {[%clk 0:02:07]}  d5 {[%clk 0:02:51]} 8. cxd5 {[%clk 0:01:40]}  exd5 {[%clk 0:02:52]} 9. d4 {[%clk 0:01:32]}  cxd4 {[%clk 0:02:46]} 10. Nxd4 {[%clk 0:01:31]}  O-O {[%clk 0:02:43]} 11. Nce2 {[%clk 0:01:19]}  Bg4 {[%clk 0:02:34]} 12. Bf3 {[%clk 0:01:06]}  Bxf3 {[%clk 0:02:29]} 13. Nxf3 {[%clk 0:01:04]}  Qb6 {[%clk 0:02:27]} 14. Qd3 {[%clk 0:00:28]}  Rac8 {[%clk 0:02:21]} 15. a3 {[%clk 0:00:20]}  Rfd8 {[%clk 0:02:00]} 16. Ned4 {[%clk 0:00:20]}  Nxd4 {[%clk 0:01:55]} 17. Nxd4 {[%clk 0:00:20]}  Bxd4 {[%clk 0:01:54]} 18. exd4 {[%clk 0:00:18]}  Nf5 {[%clk 0:01:52]} 19. Rd1 {[%clk 0:00:17]}  Re8 {[%clk 0:01:44]} 20. b3 {[%clk 0:00:13]}  Qa6 {[%clk 0:01:37]} 21. Bb2 {[%clk 0:00:11]}  Qxd3 {[%clk 0:01:35]} 22. Rxd3 {[%clk 0:00:10]}  Rc2 {[%clk 0:01:31]} 23. Bc3 {[%clk 0:00:10]}  Ree2 {[%clk 0:01:30]} 24. Rf1 {[%clk 0:00:07]}  h5 {[%clk 0:01:30]} 25. Bb4 {[%clk 0:00:06]}  b6 {[%clk 0:01:29]} 26. Kg2 {[%clk 0:00:03]}  a5 {[%clk 0:01:25]} 27. Bc3 {[%clk 0:00:02]}  Ne3+ {[%clk 0:01:22]} 28. Kg1 {[%clk 0:00:01]}  Nxf1 {[%clk 0:01:20]} 29. Kxf1 {[%clk 0:00:00]}  h4 {[%clk 0:01:05]} 0-1

[Event "April 9 Late 2024"]
[Site "Chess.com"]
[Date "2024.04.09"]
[Round "4"]
[White "Oliveira, Tiago Batista"]
[Black "Chassard, Cedric"]
[Result "0-1"]
[Board "151"]
[WhiteFideId "2108291"]
[BlackFideId "16243536"]
[BlackTitle "FM"]
[WhiteElo "2053"]
[BlackElo "2418"]
[WhiteTeam "BRA"]
[BlackTeam "GER"]
[WhiteClock "0:00:00"]
[BlackClock "0:00:05"]
[Variant "Standard"]

1. d4 {[%clk 0:02:59]}  Nf6 {[%clk 0:02:57]} 2. c4 {[%clk 0:02:59]}  e6 {[%clk 0:02:57]} 3. g3 {[%clk 0:02:58]}  d5 {[%clk 0:02:57]} 4. Nf3 {[%clk 0:02:56]}  dxc4 {[%clk 0:02:54]} 5. Bg2 {[%clk 0:02:53]}  a6 {[%clk 0:02:52]} 6. O-O {[%clk 0:02:36]}  c5 {[%clk 0:02:48]} 7. Qc2 {[%clk 0:02:27]}  cxd4 {[%clk 0:02:47]} 8. Rd1 {[%clk 0:02:27]}  Nc6 {[%clk 0:02:45]} 9. Qxc4 {[%clk 0:02:23]}  e5 {[%clk 0:02:41]} 10. e3 {[%clk 0:02:20]}  Be6 {[%clk 0:02:40]} 11. Qe2 {[%clk 0:02:04]}  Be7 {[%clk 0:02:36]} 12. exd4 {[%clk 0:02:02]}  exd4 {[%clk 0:02:36]} 13. Ng5 {[%clk 0:01:49]}  Bd5 {[%clk 0:02:35]} 14. Bxd5 {[%clk 0:01:24]}  Qxd5 {[%clk 0:02:34]} 15. Nc3 {[%clk 0:01:23]}  Qd7 {[%clk 0:02:23]} 16. Nce4 {[%clk 0:01:21]}  O-O {[%clk 0:02:18]} 17. Bf4 {[%clk 0:01:21]}  h6 {[%clk 0:02:11]} 18. Nxf6+ {[%clk 0:01:18]}  Bxf6 {[%clk 0:02:12]} 19. Ne4 {[%clk 0:01:18]}  Be7 {[%clk 0:02:08]} 20. Qh5 {[%clk 0:01:04]}  f5 {[%clk 0:01:58]} 21. Nd2 {[%clk 0:00:42]}  Bf6 {[%clk 0:01:42]} 22. Nf3 {[%clk 0:00:33]}  Rad8 {[%clk 0:01:40]} 23. h4 {[%clk 0:00:30]}  d3 {[%clk 0:01:40]} 24. Rd2 {[%clk 0:00:17]}  Nd4 {[%clk 0:01:25]} 25. Nxd4 {[%clk 0:00:16]}  Bxd4 {[%clk 0:01:22]} 26. Rad1 {[%clk 0:00:16]}  Bf6 {[%clk 0:01:19]} 27. Kh2 {[%clk 0:00:15]}  Qd4 {[%clk 0:01:17]} 28. Kg2 {[%clk 0:00:14]}  Qe4+ {[%clk 0:01:17]} 29. Kh3 {[%clk 0:00:12]}  Rfe8 {[%clk 0:01:07]} 30. Qg6 {[%clk 0:00:12]}  Qe6 {[%clk 0:00:52]} 31. Bxh6 {[%clk 0:00:11]}  f4+ {[%clk 0:00:53]} 32. g4 {[%clk 0:00:10]}  Kf8 {[%clk 0:00:39]} 33. Bg5 {[%clk 0:00:10]}  Bxg5 {[%clk 0:00:29]} 34. Qxg5 {[%clk 0:00:10]}  Qe4 {[%clk 0:00:26]} 35. Qf5+ {[%clk 0:00:10]}  Qxf5 {[%clk 0:00:26]} 36. gxf5 {[%clk 0:00:10]}  Re2 {[%clk 0:00:16]} 37. Rxd3 {[%clk 0:00:10]}  Rxd3+ {[%clk 0:00:15]} 38. Rxd3 {[%clk 0:00:10]}  Rxf2 {[%clk 0:00:15]} 39. Rb3 {[%clk 0:00:10]}  b5 {[%clk 0:00:15]} 40. Kg4 {[%clk 0:00:10]}  Kf7 {[%clk 0:00:14]} 41. Rb4 {[%clk 0:00:10]}  Kf6 {[%clk 0:00:13]} 42. a4 {[%clk 0:00:09]}  bxa4 {[%clk 0:00:10]} 43. Rxa4 {[%clk 0:00:10]}  Rxb2 {[%clk 0:00:06]} 44. Rxa6+ {[%clk 0:00:10]}  Kf7 {[%clk 0:00:03]} 45. Kxf4 {[%clk 0:00:10]}  Kg8 {[%clk 0:00:03]} 46. Kg5 {[%clk 0:00:09]}  Kh7 {[%clk 0:00:03]} 47. Ra7 {[%clk 0:00:08]}  Rg2+ {[%clk 0:00:04]} 48. Kf4 {[%clk 0:00:07]}  Rf2+ {[%clk 0:00:05]} 49. Kg4 {[%clk 0:00:07]}  Rg2+ {[%clk 0:00:05]} 50. Kh5 {[%clk 0:00:07]}  Rf2 {[%clk 0:00:05]} 51. Ra5 {[%clk 0:00:05]}  Rf1 {[%clk 0:00:05]} 52. Kg5 {[%clk 0:00:05]}  Rg1+ {[%clk 0:00:05]} 53. Kf4 {[%clk 0:00:05]}  Rb1 {[%clk 0:00:06]} 54. h5 {[%clk 0:00:05]}  Rb4+ {[%clk 0:00:06]} 55. Kg5 {[%clk 0:00:05]}  Rb7 {[%clk 0:00:07]} 56. Ra6 {[%clk 0:00:05]}  Rb1 {[%clk 0:00:07]} 57. Kg4 {[%clk 0:00:03]}  Rg1+ {[%clk 0:00:08]} 58. Kf4 {[%clk 0:00:04]}  Rh1 {[%clk 0:00:08]} 59. Kg5 {[%clk 0:00:04]}  Rg1+ {[%clk 0:00:08]} 60. Kf4 {[%clk 0:00:04]}  Rb1 {[%clk 0:00:06]} 61. Kg4 {[%clk 0:00:03]}  Rb2 {[%clk 0:00:03]} 62. Ra7 {[%clk 0:00:03]}  Rg2+ {[%clk 0:00:04]} 63. Kf3 {[%clk 0:00:03]}  Rg5 {[%clk 0:00:04]} 64. Kf4 {[%clk 0:00:02]}  Rg1 {[%clk 0:00:03]} 65. Ke5 {[%clk 0:00:01]}  Kh6 {[%clk 0:00:03]} 66. f6 {[%clk 0:00:01]}  Re1+ {[%clk 0:00:03]} 67. Kf5 {[%clk 0:00:01]}  Rf1+ {[%clk 0:00:04]} 68. Kg4 {[%clk 0:00:01]}  gxf6 {[%clk 0:00:03]} 69. Ra8 {[%clk 0:00:01]}  Rg1+ {[%clk 0:00:02]} 70. Kf5 {[%clk 0:00:01]}  Rf1+ {[%clk 0:00:03]} 71. Kg4 {[%clk 0:00:01]}  f5+ {[%clk 0:00:03]} 72. Kg3 {[%clk 0:00:01]}  Kxh5 {[%clk 0:00:03]} 73. Rh8+ {[%clk 0:00:01]}  Kg5 {[%clk 0:00:03]} 74. Rg8+ {[%clk 0:00:01]}  Kf6 {[%clk 0:00:04]} 75. Rf8+ {[%clk 0:00:01]}  Ke6 {[%clk 0:00:04]} 76. Re8+ {[%clk 0:00:00]}  Kf7 {[%clk 0:00:05]} 0-1

[Event "April 9 Late 2024"]
[Site "Chess.com"]
[Date "2024.04.09"]
[Round "4"]
[White "Reinecke, Katharina"]
[Black "Jaque Gutierrez, Matias"]
[Result "0-1"]
[Board "153"]
[WhiteFideId "12929727"]
[BlackFideId "3426980"]
[WhiteTitle "WCM"]
[BlackTitle "CM"]
[WhiteElo "2027"]
[BlackElo "2412"]
[WhiteTeam "GER"]
[BlackTeam "CHI"]
[WhiteClock "0:00:00"]
[BlackClock "0:01:02"]
[Variant "Standard"]

1. e4 {[%clk 0:03:00]}  c5 {[%clk 0:02:59]} 2. Nf3 {[%clk 0:02:53]}  g6 {[%clk 0:02:58]} 3. g3 {[%clk 0:02:50]}  Bg7 {[%clk 0:02:57]} 4. Bg2 {[%clk 0:02:49]}  Nc6 {[%clk 0:02:58]} 5. O-O {[%clk 0:02:48]}  e5 {[%clk 0:02:57]} 6. c4 {[%clk 0:02:39]}  Nge7 {[%clk 0:02:56]} 7. Nc3 {[%clk 0:02:28]}  d6 {[%clk 0:02:56]} 8. d3 {[%clk 0:02:24]}  O-O {[%clk 0:02:56]} 9. h3 {[%clk 0:02:14]}  h6 {[%clk 0:02:54]} 10. Kh2 {[%clk 0:02:12]}  f5 {[%clk 0:02:51]} 11. Nd2 {[%clk 0:01:27]}  f4 {[%clk 0:02:50]} 12. g4 {[%clk 0:01:22]}  g5 {[%clk 0:02:40]} 13. f3 {[%clk 0:01:20]}  Ng6 {[%clk 0:02:25]} 14. Nd5 {[%clk 0:01:16]}  Kf7 {[%clk 0:02:25]} 15. a3 {[%clk 0:01:13]}  Rh8 {[%clk 0:02:24]} 16. Rh1 {[%clk 0:01:11]}  h5 {[%clk 0:02:24]} 17. Kg1 {[%clk 0:01:08]}  Be6 {[%clk 0:02:19]} 18. Kf2 {[%clk 0:01:05]}  Bxd5 {[%clk 0:02:19]} 19. cxd5 {[%clk 0:01:02]}  Nd4 {[%clk 0:02:10]} 20. Nb3 {[%clk 0:00:55]}  b5 {[%clk 0:01:56]} 21. Bd2 {[%clk 0:00:44]}  c4 {[%clk 0:01:50]} 22. Nxd4 {[%clk 0:00:43]}  exd4 {[%clk 0:01:51]} 23. a4 {[%clk 0:00:32]}  c3 {[%clk 0:01:50]} 24. Bc1 {[%clk 0:00:19]}  b4 {[%clk 0:01:41]} 25. b3 {[%clk 0:00:16]}  a5 {[%clk 0:01:37]} 26. gxh5 {[%clk 0:00:14]}  Rxh5 {[%clk 0:01:36]} 27. Qe2 {[%clk 0:00:13]}  Ne5 {[%clk 0:01:30]} 28. Qc2 {[%clk 0:00:12]}  Rh4 {[%clk 0:01:16]} 29. Qe2 {[%clk 0:00:11]}  Qb6 {[%clk 0:01:11]} 30. Ra2 {[%clk 0:00:11]}  Qa6 {[%clk 0:01:11]} 31. Rc2 {[%clk 0:00:11]}  Nxd3+ {[%clk 0:01:09]} 32. Kf1 {[%clk 0:00:06]}  Nxc1 {[%clk 0:01:04]} 33. Qxa6 {[%clk 0:00:04]}  Rxa6 {[%clk 0:01:04]} 34. Rxc1 {[%clk 0:00:05]}  d3 {[%clk 0:01:04]} 35. Kf2 {[%clk 0:00:03]}  Bd4+ {[%clk 0:01:02]} 36. Ke1 {[%clk 0:00:00]}  d2+ {[%clk 0:01:02]} 0-1

[Event "April 9 Late 2024"]
[Site "Chess.com"]
[Date "2024.04.09"]
[Round "4"]
[White "Kovalevsky, Stanislav"]
[Black "Gonzalez Zharikov, Andrey"]
[Result "1-0"]
[Board "157"]
[WhiteFideId "13508598"]
[BlackFideId "5145287"]
[WhiteTitle "FM"]
[BlackTitle "CM"]
[WhiteElo "2452"]
[BlackElo "2270"]
[WhiteTeam "FID"]
[BlackTeam "MEX"]
[WhiteClock "0:00:30"]
[BlackClock "0:00:36"]
[Variant "Standard"]

1. e4 {[%clk 0:02:41]}  d5 {[%clk 0:02:57]} 2. exd5 {[%clk 0:02:41]}  Nf6 {[%clk 0:02:57]} 3. Nf3 {[%clk 0:02:41]}  Nxd5 {[%clk 0:02:57]} 4. Bc4 {[%clk 0:02:41]}  g6 {[%clk 0:02:55]} 5. O-O {[%clk 0:02:41]}  Bg7 {[%clk 0:02:55]} 6. d4 {[%clk 0:02:41]}  O-O {[%clk 0:02:54]} 7. c3 {[%clk 0:02:41]}  Nb6 {[%clk 0:02:50]} 8. Bb3 {[%clk 0:02:41]}  a5 {[%clk 0:02:48]} 9. h3 {[%clk 0:02:40]}  a4 {[%clk 0:02:47]} 10. Bc2 {[%clk 0:02:40]}  e6 {[%clk 0:02:45]} 11. Nbd2 {[%clk 0:02:37]}  N8d7 {[%clk 0:02:42]} 12. Ne4 {[%clk 0:02:35]}  h6 {[%clk 0:02:20]} 13. h4 {[%clk 0:02:17]}  e5 {[%clk 0:02:15]} 14. h5 {[%clk 0:02:13]}  f5 {[%clk 0:02:02]} 15. Nc5 {[%clk 0:02:03]}  Nxc5 {[%clk 0:01:48]} 16. dxc5 {[%clk 0:02:03]}  Qxd1 {[%clk 0:01:45]} 17. Rxd1 {[%clk 0:02:04]}  Nd7 {[%clk 0:01:41]} 18. c6 {[%clk 0:02:02]}  bxc6 {[%clk 0:01:39]} 19. hxg6 {[%clk 0:02:02]}  Nc5 {[%clk 0:01:32]} 20. Be3 {[%clk 0:01:57]}  Ne4 {[%clk 0:01:23]} 21. Nd2 {[%clk 0:01:44]}  Nxd2 {[%clk 0:01:15]} 22. Rxd2 {[%clk 0:01:43]}  Be6 {[%clk 0:01:16]} 23. Bc5 {[%clk 0:01:37]}  Rf6 {[%clk 0:01:14]} 24. Rad1 {[%clk 0:01:30]}  Rxg6 {[%clk 0:01:10]} 25. Rd8+ {[%clk 0:01:29]}  Rxd8 {[%clk 0:01:10]} 26. Rxd8+ {[%clk 0:01:30]}  Kf7 {[%clk 0:01:09]} 27. Bxa4 {[%clk 0:01:24]}  Bd5 {[%clk 0:01:01]} 28. g3 {[%clk 0:01:14]}  f4 {[%clk 0:00:56]} 29. Bd1 {[%clk 0:00:50]}  Bf6 {[%clk 0:00:47]} 30. Rxd5 {[%clk 0:00:38]}  cxd5 {[%clk 0:00:46]} 31. Bh5 {[%clk 0:00:38]}  fxg3 {[%clk 0:00:41]} 32. a4 {[%clk 0:00:32]}  c6 {[%clk 0:00:37]} 33. a5 {[%clk 0:00:30]}  Bd8 {[%clk 0:00:36]} 34. a6 {[%clk 0:00:30]} 1-0

[Event "April 9 Late 2024"]
[Site "Chess.com"]
[Date "2024.04.09"]
[Round "4"]
[White "Buenafe Moya, Javier"]
[Black "Cardozo Munar, Carlos Eduardo"]
[Result "0-1"]
[Board "158"]
[WhiteFideId "2206412"]
[BlackFideId "4409477"]
[WhiteTitle "FM"]
[BlackTitle "FM"]
[WhiteElo "2404"]
[BlackElo "2217"]
[WhiteTeam "ESP"]
[BlackTeam "COL"]
[WhiteClock "0:00:00"]
[BlackClock "0:00:42"]
[Variant "Standard"]

1. c4 {[%clk 0:02:59]}  e6 {[%clk 0:02:55]} 2. Nf3 {[%clk 0:02:57]}  d5 {[%clk 0:02:55]} 3. e3 {[%clk 0:02:57]}  a6 {[%clk 0:02:55]} 4. b3 {[%clk 0:02:45]}  Nf6 {[%clk 0:02:51]} 5. Bb2 {[%clk 0:02:44]}  Be7 {[%clk 0:02:51]} 6. Qc2 {[%clk 0:02:29]}  O-O {[%clk 0:02:49]} 7. Ng5 {[%clk 0:02:27]}  Nbd7 {[%clk 0:02:41]} 8. Bd3 {[%clk 0:02:23]}  h6 {[%clk 0:02:40]} 9. h4 {[%clk 0:02:07]}  b6 {[%clk 0:02:39]} 10. f3 {[%clk 0:02:00]}  Bb7 {[%clk 0:02:39]} 11. Nh7 {[%clk 0:01:59]}  dxc4 {[%clk 0:02:37]} 12. bxc4 {[%clk 0:01:56]}  Nxh7 {[%clk 0:02:31]} 13. Bxh7+ {[%clk 0:01:55]}  Kh8 {[%clk 0:02:32]} 14. Be4 {[%clk 0:01:45]}  Bxe4 {[%clk 0:02:30]} 15. Qxe4 {[%clk 0:01:44]}  Bf6 {[%clk 0:02:30]} 16. d4 {[%clk 0:01:38]}  c5 {[%clk 0:02:30]} 17. Na3 {[%clk 0:01:35]}  cxd4 {[%clk 0:02:30]} 18. Bxd4 {[%clk 0:01:28]}  Bxd4 {[%clk 0:02:26]} 19. exd4 {[%clk 0:01:27]}  e5 {[%clk 0:02:24]} 20. O-O-O {[%clk 0:01:24]}  exd4 {[%clk 0:02:16]} 21. Rxd4 {[%clk 0:01:24]}  Qc7 {[%clk 0:02:11]} 22. g4 {[%clk 0:01:15]}  Nf6 {[%clk 0:02:08]} 23. Qd3 {[%clk 0:01:09]}  Rfd8 {[%clk 0:01:10]} 24. g5 {[%clk 0:01:07]}  Rxd4 {[%clk 0:01:10]} 25. Qxd4 {[%clk 0:01:06]}  Qd7 {[%clk 0:01:05]} 26. Qxd7 {[%clk 0:01:01]}  Nxd7 {[%clk 0:01:05]} 27. gxh6 {[%clk 0:01:02]}  gxh6 {[%clk 0:01:06]} 28. Rd1 {[%clk 0:01:00]}  Ne5 {[%clk 0:01:06]} 29. f4 {[%clk 0:00:58]}  Nf3 {[%clk 0:01:06]} 30. Rd6 {[%clk 0:00:56]}  b5 {[%clk 0:01:01]} 31. c5 {[%clk 0:00:39]}  Kg7 {[%clk 0:00:59]} 32. h5 {[%clk 0:00:39]}  Rc8 {[%clk 0:00:54]} 33. c6 {[%clk 0:00:37]}  Nh4 {[%clk 0:00:52]} 34. Kb2 {[%clk 0:00:19]}  Nf5 {[%clk 0:00:52]} 35. Rd5 {[%clk 0:00:20]}  Ne7 {[%clk 0:00:52]} 36. Rd7 {[%clk 0:00:18]}  Nxc6 {[%clk 0:00:52]} 37. Nc2 {[%clk 0:00:18]}  Na5 {[%clk 0:00:47]} 38. Ka3 {[%clk 0:00:16]}  Rxc2 {[%clk 0:00:45]} 39. Kb4 {[%clk 0:00:15]}  Rxa2 {[%clk 0:00:43]} 40. f5 {[%clk 0:00:14]}  Nc4 {[%clk 0:00:42]} 41. Kc5 {[%clk 0:00:14]}  Re2 {[%clk 0:00:42]} 42. Ra7 {[%clk 0:00:13]}  Re5+ {[%clk 0:00:40]} 43. Kd4 {[%clk 0:00:13]}  Rxf5 {[%clk 0:00:41]} 44. Rxa6 {[%clk 0:00:13]}  Rxh5 {[%clk 0:00:41]} 45. Ra7 {[%clk 0:00:13]}  Rg5 {[%clk 0:00:41]} 46. Rb7 {[%clk 0:00:13]}  h5 {[%clk 0:00:42]} 47. Ke4 {[%clk 0:00:14]}  Nd6+ {[%clk 0:00:41]} 48. Kf4 {[%clk 0:00:14]}  Nxb7 {[%clk 0:00:41]} 49. Kxg5 {[%clk 0:00:14]}  b4 {[%clk 0:00:42]} 50. Kxh5 {[%clk 0:00:00]}  b3 {[%clk 0:00:42]} 0-1

[Event "April 9 Late 2024"]
[Site "Chess.com"]
[Date "2024.04.09"]
[Round "4"]
[White "Schuster, Karsten"]
[Black "Ebru Kaplan"]
[Result "1-0"]
[Board "159"]
[WhiteFideId "4611071"]
[BlackFideId "6315194"]
[WhiteTitle "FM"]
[BlackTitle "WCM"]
[WhiteElo "2370"]
[BlackElo "2066"]
[WhiteTeam "GER"]
[BlackTeam "TUR"]
[WhiteClock "0:01:42"]
[BlackClock "0:00:00"]
[Variant "Standard"]

1. c4 {[%clk 0:03:00]}  c5 {[%clk 0:02:54]} 2. Nf3 {[%clk 0:02:59]}  Nf6 {[%clk 0:02:54]} 3. g3 {[%clk 0:03:00]}  g6 {[%clk 0:02:53]} 4. Bg2 {[%clk 0:03:01]}  Bg7 {[%clk 0:02:52]} 5. O-O {[%clk 0:03:02]}  O-O {[%clk 0:02:53]} 6. Nc3 {[%clk 0:03:02]}  Nc6 {[%clk 0:02:52]} 7. b3 {[%clk 0:03:02]}  b6 {[%clk 0:02:52]} 8. Bb2 {[%clk 0:03:03]}  Bb7 {[%clk 0:02:52]} 9. e3 {[%clk 0:03:00]}  e6 {[%clk 0:02:48]} 10. d4 {[%clk 0:03:00]}  cxd4 {[%clk 0:02:47]} 11. Nxd4 {[%clk 0:03:00]}  Rb8 {[%clk 0:02:36]} 12. Ndb5 {[%clk 0:02:58]}  d5 {[%clk 0:02:27]} 13. cxd5 {[%clk 0:02:56]}  Nxd5 {[%clk 0:02:20]} 14. Rc1 {[%clk 0:02:45]}  a6 {[%clk 0:02:12]} 15. Na3 {[%clk 0:02:28]}  Nxc3 {[%clk 0:01:57]} 16. Bxc3 {[%clk 0:02:26]}  Bxc3 {[%clk 0:01:55]} 17. Rxc3 {[%clk 0:02:25]}  Qe7 {[%clk 0:01:20]} 18. Nc4 {[%clk 0:02:22]}  Rfd8 {[%clk 0:01:13]} 19. Rd3 {[%clk 0:02:21]}  Nb4 {[%clk 0:01:04]} 20. Rxd8+ {[%clk 0:02:00]}  Rxd8 {[%clk 0:01:03]} 21. Qe2 {[%clk 0:01:58]}  Bxg2 {[%clk 0:00:52]} 22. Kxg2 {[%clk 0:01:59]}  Qb7+ {[%clk 0:00:44]} 23. Kg1 {[%clk 0:01:59]}  Nd5 {[%clk 0:00:35]} 24. Rd1 {[%clk 0:01:58]}  b5 {[%clk 0:00:21]} 25. Ne5 {[%clk 0:01:57]}  Rc8 {[%clk 0:00:17]} 26. Qf3 {[%clk 0:01:52]}  Qc7 {[%clk 0:00:04]} 27. e4 {[%clk 0:01:52]}  Qxe5 {[%clk 0:00:03]} 28. exd5 {[%clk 0:01:52]}  exd5 {[%clk 0:00:03]} 29. Rxd5 {[%clk 0:01:51]}  Qe6 {[%clk 0:00:03]} 30. Qd1 {[%clk 0:01:44]}  Re8 {[%clk 0:00:03]} 31. Kg2 {[%clk 0:01:44]}  Re7 {[%clk 0:00:02]} 32. Rd8+ {[%clk 0:01:43]}  Kg7 {[%clk 0:00:03]} 33. Qd4+ {[%clk 0:01:44]}  f6 {[%clk 0:00:03]} 34. Rd6 {[%clk 0:01:44]}  Qe4+ {[%clk 0:00:02]} 35. Qxe4 {[%clk 0:01:44]}  Rxe4 {[%clk 0:00:02]} 36. Rxa6 {[%clk 0:01:45]}  b4 {[%clk 0:00:01]} 37. Ra4 {[%clk 0:01:44]}  f5 {[%clk 0:00:02]} 38. Kf3 {[%clk 0:01:43]}  Kf6 {[%clk 0:00:02]} 39. a3 {[%clk 0:01:42]}  Kg5 {[%clk 0:00:00]} 40. Rxb4 {[%clk 0:01:42]} 1-0